| 000 | 00554nam a2200193Ia 4500 | ||
|---|---|---|---|
| 999 |
_c5087 _d5087 |
||
| 020 | _a81-88965-03-0 | ||
| 082 | _a305.3095491 ROU-S | ||
| 100 | _aRouse, Shahnaz | ||
| 245 | 0 | _aShifting body politics: gender, nation, state in Pakistan | |
| 260 |
_aNew Delhi _bWomen Unlimited _c2004 |
||
| 300 | _a155 | ||
| 440 | _aFeminist fine print | ||
| 650 |
_aMilitarism _zPakistan |
||
| 650 |
_aNatioanlism _zPakistan |
||
| 650 |
_aFundamentalism _zPakistan |
||
| 650 |
_aPakistan _vPolitics and government |
||
| 650 |
_aGender identity _zPakistan |
||
| 942 | _cBK | ||